| 000 | 00665 a2200193 4500 | ||
|---|---|---|---|
| 999 |
_c190725 _d190725 |
||
| 005 | 20220803154936.0 | ||
| 010 | _aENG-134218 | ||
| 020 |
_c1499.00 _a9789380077178 |
||
| 035 | _aEN-117750 | ||
| 037 | _bDBAD/PUB | ||
| 082 | _a891.5511 | ||
| 245 |
_aShams-e-Tabrizi: _cTranslated by Farida Maleki _brumi's perfect teacher/ |
||
| 250 | _a2011 | ||
| 260 |
_aNew Delhi _bG.P.S. Bhalla, Secreatary, Science Of The Soul Research Centre _c2011 |
||
| 270 |
_aC/O Radha Soami Satsang Beas, 5 Guru Ravi Dass Marg, Pusa Road _bNew Delhi _e110005 |
||
| 300 |
_axvi;353p. _c23cm(hb) |
||
| 700 | _aMaleki,Farida | ||
| 942 |
_adpl _cEN _2ddc _h891.5511 _mSHA |
||